Szilos ötvenéves?

Elmentve itt :
Bibliográfiai részletek
Szerző: Iván László
Dokumentumtípus: Cikk
Megjelent: 1997
Sorozat:Iskolakultúra 7 No. 1
Online Access:http://misc.bibl.u-szeged.hu/40867
LEADER 00536nab a2200169 i 4500
001 misc40867
005 20191106141017.0
008 180709s1997 hu o 0|| zxx d
022 |a 1215-5233 
040 |a SZTE Miscellanea Repozitórium  |b hun 
041 |a zxx 
100 1 |a Iván László 
245 1 0 |a Szilos ötvenéves?  |h [elektronikus dokumentum] /  |c  Iván László 
260 |c 1997 
300 |a 75-78 
490 0 |a Iskolakultúra  |v 7 No. 1 
856 4 0 |u http://misc.bibl.u-szeged.hu/40867/1/14_EPA00011_iskolakultura_1997-1.pdf  |z Dokumentum-elérés